书目信息 |
| 题名: |
化学毒物危害与控制
|
|
| 作者: | 周志俊 主编 | |
| 分册: | ||
| 出版信息: | 北京 化学工业出版社 2007 |
|
| 页数: | 400页 | |
| 开本: | 21cm | |
| 丛书名: | 职业危害与防护技术丛书 | |
| 单 册: | ||
| 中图分类: | TQ086.5 | |
| 科图分类: | ||
| 主题词: | 化学工业--毒物--危害性 , 化学工业--毒物--控制 | |
| 电子资源: | ||
| ISBN: | 978-7-5025-9917-1 | |
| 000 | 00995oam2 2200289 450 | |
| 001 | 012004147023 | |
| 005 | 20080303094753.60 | |
| 009 | 012004147023 | |
| 010 | @a978-7-5025-9917-1@dCNY29.00 | |
| 035 | @a(110017)062007029262 | |
| 100 | @a20070627d2007 em y0chiy0110 ea | |
| 101 | 0 | @achi |
| 102 | @aCN@b110000 | |
| 105 | @ay z 001yy | |
| 106 | @ar | |
| 200 | 1 | @a化学毒物危害与控制@Ahua xue du wu wei hai yu kong zhi@f周志俊主编 |
| 210 | @a北京@c化学工业出版社@d2007 | |
| 215 | @a400页@d21cm | |
| 225 | 2 | @a职业危害与防护技术丛书 |
| 330 | @a本书系统地介绍了化学毒物对健康的影响及其危害控制原则。主要内容有:化学毒物在体内过程、化学中毒的类型、化学物毒性的描述、化学毒物危害的识别过程、化学毒物的检测、不同行业化学毒物危害的特征等。 | |
| 461 | 0 | @12001 @a职业危害与防护技术丛书 |
| 606 | 0 | @a化学工业@x毒物@x危害性 |
| 606 | 0 | @a化学工业@x毒物@x控制 |
| 690 | @aTQ086.5@v4 | |
| 701 | 0 | @a周志俊@Azhou zhi jun@4主编 |
| 801 | 0 | @aCN@b110017@c20080303 |
| 905 | @dTQ086.5@e171@f4 | |
| 化学毒物危害与控制/周志俊主编.-北京:化学工业出版社,2007 |
| 400页;21cm.-(职业危害与防护技术丛书) |
| ISBN 978-7-5025-9917-1:CNY29.00 |
| 本书系统地介绍了化学毒物对健康的影响及其危害控制原则。主要内容有:化学毒物在体内过程、化学中毒的类型、化学物毒性的描述、化学毒物危害的识别过程、化学毒物的检测、不同行业化学毒物危害的特征等。 |
| ● |
| 相关链接 |
|
|
|
|
正题名:化学毒物危害与控制
索取号:TQ086.5/171
 
预约/预借
| 序号 | 登录号 | 条形码 | 馆藏地/架位号 | 状态 | 备注 |
| 1 | 0614874 | 206148747 | 第二样本阅览室/ [索取号:TQ086.5/171] | 在馆 | |
| 2 | 0614875 | 206148756 | 第三借阅区/ [索取号:TQ086.5/171] | 在馆 | |
| 3 | 0614876 | 206148765 | 第三借阅区/ [索取号:TQ086.5/171] | 在馆 | |
| 4 | 0614877 | 206148774 | 第三借阅区/ [索取号:TQ086.5/171] | 在馆 |